000 00755cam a2200145 4500500
005 20260111092417.0
041 _afre
042 _adc
100 1 0 _aCramaussel, Chantal
_eauthor
245 0 0 _aDelia González de Reufels, Siedler und Filibuster in Sonora. Eine mexikanische Region im Interesse ausländischer Abenteuer und Mächte (1821-1860) (Colons et flibustiers en Sonora. Une région mexicaine convoitée par les aventuriers étrangers et les grandes puissances, 1821-1860). Cologne, Weimar, Böhlau, 2003, 293 p.
260 _c2005.
500 _a4
786 0 _nÉtudes rurales | 175-176 | 3 | 2005-12-01 | p. 215h-65535h | 0014-2182
856 4 1 _uhttps://shs.cairn.info/revue-etudes-rurales-2005-3-page-215h?lang=fr&redirect-ssocas=7080
999 _c1623539
_d1623539